Test de rapidité - Alphabet - Statistiques

Statistiques générales
  • Ce quiz a été pris 1 105 fois
  • Le résultat moyen est 23 sur 26
Statistiques - réponses
Alphabet A-Z % Correct
A
100%
B
97%
C
95%
D
94%
E
94%
F
93%
G
92%
H
91%
I
91%
J
90%
K
89%
L
89%
M
89%
N
87%
O
86%
P
86%
Q
84%
R
83%
S
82%
T
81%
U
80%
V
79%
W
79%
X
76%
Y
74%
Z
71%
Aucun quiz correspondant
Distribution des résultats
% des personnes avec chaque résultat
Percentile par nombre de réponses
Votre historique - résultats
Vous n’avez pas pris ce quiz